00577nmm a2200157Ia 4500008004100000020001800041041000800059100003200067245012900099264005500228300001800283650004300301856005100344942000700395999001700402251105s9999||||xx |||||||||||||||||und|| a9789561411944 aspa aSapelli González, Claudio 0aChile ¿más equitativo? :b Una mirada distinta a la distribución del ingreso, la movilidad social y la pobreza en Chile a[Santiago de Chile, Chile] :bEdiciones UC, c2011 a131 páginas aHistory of the Americas: Latin America uhttps://public.digitaliapublishing.com/a/15176 cCF c94137d94137